000
00258nam a22000977a 4500
041
_a
ENG
245
_a
Theory Construction And Calculations Of Agricul tural Machines Vol 1
260
_a
Delhi
_b
Department Of Agricul
_c
1987
650
_a
FMP
856
_u
FMP ( 4 )
999
_c
1408
_d
1408